header

FIRST AID MANUAL (Record no. 251028)

MARC details
000 -LEADER
fixed length control field 00317nam a22001217a 4500
020 ## - INTERNATIONAL STANDARD BOOK NUMBER
ISBN 9781405315739
100 ## - MAIN ENTRY--AUTHOR NAME
Personal name ST.JOHN AMBULANCE,ST ANDREW AMBULANCE & BRITISH RED CROSS
245 ## - TITLE STATEMENT
Title FIRST AID MANUAL
250 ## - EDITION STATEMENT
Edition statement LATEST UPDATE
260 ## - PUBLICATION, DISTRIBUTION, ETC. (IMPRINT)
Place of publication UK
Name of publisher DORLING KINDERSLEY LTD
Year of publication 2006
300 ## - PHYSICAL DESCRIPTION
Number of Pages 288
Other physical details ILL
942 ## - ADDED ENTRY ELEMENTS (KOHA)
Koha item type Long Loan Books
Holdings
Withdrawn status Lost status Collection code Home library Current library Shelving location Date acquired Full call number Accession Number Koha item type
    Reference Rongo University Library Rongo University Library Reference 05/11/2015 RC87 .S219 2006 20088870 Reference

© 2026 Rongo University
Contact us: librarian | system librarian | Rongo university